[Event "2. Torneio Aberto do Brasil - Fortaleza"]
[Site "Fortaleza BRA"]
[Date "2012.04.08"]
[Round "7.22"]
[White "Buarque, Hugo Leonardo De Br"]
[Black "Carvalho, Jose Jorge De"]
[Result "0-1"]
[WhiteElo "1928"]
[BlackElo "2190"]
[PlyCount "52"]
[EventDate "2012.04.05"]
[EventType "swiss"]
[EventRounds "7"]
[EventCountry "BRA"]
[Source "lmi"]
[SourceDate "2012.08.05"]

1. d4 Nf6 2. c4 g6 3. Nc3 d5 4. Nf3 Bg7 5. e3 O-O 6. cxd5 Nxd5 7. Bc4 Nb6 8.
Bb3 Na6 9. O-O c5 10. Qe2 cxd4 11. exd4 Bg4 12. Be3 Nb4 13. Rad1 N4d5 14. h3
Bf5 15. a3 h6 16. Rc1 Be6 17. Qd2 Nxe3 18. Bxe6 Nxf1 19. Qe1 fxe6 20. Qxe6+ Kh7
21. Rxf1 Qd7 22. Qe4 Rad8 23. h4 Nd5 24. Ne5 Qf5 25. Qe2 Nf4 26. Qb5 Bxe5 0-1

[Event "2. Torneio Aberto do Brasil - Fortaleza"]
[Site "Fortaleza BRA"]
[Date "2012.04.08"]
[Round "7.23"]
[White "De Andrade, Roberto Luis Costa"]
[Black "Lima, Jose Sampaio De"]
[Result "1/2-1/2"]
[WhiteElo "2186"]
[BlackElo "2045"]
[PlyCount "99"]
[EventDate "2012.04.05"]
[EventType "swiss"]
[EventRounds "7"]
[EventCountry "BRA"]
[Source "lmi"]
[SourceDate "2012.08.05"]

1. e4 c6 2. d4 d5 3. Nc3 dxe4 4. Nxe4 Bf5 5. Ng3 Bg6 6. Nf3 e6 7. h4 h6 8. h5
Bh7 9. Bd3 Bxd3 10. Qxd3 Nf6 11. Bd2 Bd6 12. Ne4 Be7 13. O-O-O Nbd7 14. c4 Qc7
15. g3 Nxe4 16. Qxe4 Nf6 17. Qe2 b5 18. c5 Nd5 19. Ne5 Bf6 20. f4 a5 21. g4
Bxe5 22. dxe5 Qe7 23. Qf2 Kd7 24. Kb1 Kc7 25. Rhe1 Rhd8 26. f5 a4 27. f6 Qf8
28. a3 Qg8 29. Qf3 Rd7 30. Qe4 Kb8 31. Rf1 Ka7 32. Ka1 Rad8 33. Rf2 Kb7 34.
fxg7 Qxg7 35. Ba5 Rg8 36. Rg1 Ra8 37. Bd2 Rad8 38. Bc1 Qf8 39. Rc2 Nc7 40. Qe2
Rd5 41. g5 Qg7 42. Bf4 hxg5 43. Rxg5 Rd1+ 44. Rc1 Rxc1+ 45. Bxc1 Qh7 46. Rg1
Na6 47. Bg5 Rd7 48. Rc1 Qf5 49. Bf6 Qh3 50. Bg5 1/2-1/2

[Event "2. Torneio Aberto do Brasil - Fortaleza"]
[Site "Fortaleza BRA"]
[Date "2012.04.08"]
[Round "7.24"]
[White "Braga, Jose Pereira"]
[Black "Lu, Jose Silvio Bezerra"]
[Result "1/2-1/2"]
[WhiteElo "2014"]
[BlackElo "2145"]
[PlyCount "67"]
[EventDate "2012.04.05"]
[EventType "swiss"]
[EventRounds "7"]
[EventCountry "BRA"]
[Source "lmi"]
[SourceDate "2012.08.05"]

1. d4 Nf6 2. c4 c5 3. Nf3 g6 4. Nc3 Bg7 5. e4 cxd4 6. Nxd4 O-O 7. Be2 Nc6 8.
Be3 d6 9. O-O Bd7 10. Qd2 Ng4 11. Nxc6 bxc6 12. Bg5 Be6 13. Rad1 c5 14. b3 Re8
15. h3 Ne5 16. f4 Nc6 17. f5 Bd7 18. Nd5 Bd4+ 19. Kh1 f6 20. Bh6 Ne5 21. Qf4
Bc6 22. fxg6 hxg6 23. Qh4 Kf7 24. Bg5 Rh8 25. Qg3 Bxd5 26. exd5 Kg7 27. Bd2 Qd7
28. Be3 Bxe3 29. Qxe3 a5 30. Bd3 a4 31. Qg3 axb3 32. axb3 Rhb8 33. Rde1 Qe8 34.
Bf5 1/2-1/2

[Event "2. Torneio Aberto do Brasil - Fortaleza"]
[Site "Fortaleza BRA"]
[Date "2012.04.08"]
[Round "7.25"]
[White "Okamura, Milton Kasuo"]
[Black "De Paula, Rafael Figueiredo"]
[Result "1-0"]
[WhiteElo "2118"]
[BlackElo "2041"]
[PlyCount "113"]
[EventDate "2012.04.05"]
[EventType "swiss"]
[EventRounds "7"]
[EventCountry "BRA"]
[Source "lmi"]
[SourceDate "2012.08.05"]

1. d4 Nf6 2. c4 g6 3. Nc3 d5 4. Bf4 Bg7 5. Nf3 O-O 6. e3 c5 7. dxc5 Qa5 8. Rc1
dxc4 9. Bxc4 Qxc5 10. Qe2 Bg4 11. O-O Bxf3 12. gxf3 Nc6 13. Rfd1 Qh5 14. Kg2
Rad8 15. a3 Qf5 16. Bd3 Qh5 17. Bb5 Ne5 18. Rc2 a6 19. Ba4 Qf5 20. Rcd2 Rxd2
21. Rxd2 h5 22. Bg3 Qe6 23. Qd1 Nc4 24. Bb3 Qc6 25. Bxc4 Qxc4 26. Be5 Qe6 27.
Bd4 Rc8 28. Ne2 Qf5 29. Bc3 Qg5+ 30. Kh1 Kh7 31. Nf4 Qb5 32. Kg2 Rc4 33. Qe2 e5
34. Bxe5 Qc6 35. Bc3 Rc5 36. Qd1 Rxc3 37. bxc3 Qxc3 38. Rd3 Qc5 39. Qb3 g5 40.
Nd5 Nd7 41. Nb4 Ne5 42. Rd5 Qc8 43. Qc2+ Qxc2 44. Nxc2 Kg6 45. Rc5 Nc6 46. Nb4
Bf8 47. Rc4 Nxb4 48. axb4 f6 49. h3 b6 50. Kf1 Kf5 51. Ke2 Ke5 52. Kd3 Kd5 53.
Kc3 a5 54. bxa5 bxa5 55. Kb3 Bb4 56. Rc1 h4 57. Ka4 1-0

[Event "2. Torneio Aberto do Brasil - Fortaleza"]
[Site "Fortaleza BRA"]
[Date "2012.04.08"]
[Round "7.26"]
[White "De Oliveira, Aquiles Machado"]
[Black "Bezerra, Flavio Rodrigo Cost"]
[Result "1/2-1/2"]
[WhiteElo "2096"]
[BlackElo "2033"]
[PlyCount "96"]
[EventDate "2012.04.05"]
[EventType "swiss"]
[EventRounds "7"]
[EventCountry "BRA"]
[Source "lmi"]
[SourceDate "2012.08.05"]

1. Nc3 c5 2. e4 g6 3. Nf3 Bg7 4. d4 cxd4 5. Nxd4 Nc6 6. Be3 Nf6 7. Nb3 O-O 8.
Be2 d6 9. O-O Bd7 10. f4 Rc8 11. Bf3 a6 12. Nd5 Nxd5 13. exd5 Nb8 14. c3 Bb5
15. Re1 Nd7 16. Nd4 Nb6 17. Nxb5 axb5 18. Qe2 Nc4 19. Bf2 Re8 20. Bg4 Ra8 21.
a4 f5 22. Qe6+ Kh8 23. Be2 Nxb2 24. Bxb5 Rf8 25. Qxe7 Bxc3 26. Qxd8 Rfxd8 27.
Re7 Bf6 28. Re6 Bg7 29. Re7 Nd3 30. Rxg7 Nxf2 31. Rxb7 Ne4 32. Rc1 Rdc8 33.
Rxc8+ Rxc8 34. Bc6 Nc5 35. Rb1 Rc7 36. Kf1 Ra7 37. Rb4 Re7 38. Rb8+ Kg7 39. Rd8
Re4 40. g3 Nxa4 41. Bxa4 Rxa4 42. Rxd6 h6 43. Kg2 Ra2+ 44. Kh3 Kf7 45. Rd7+ Kf6
46. d6 Rd2 47. Rd8 Kf7 48. d7 Kg7 1/2-1/2

[Event "2. Torneio Aberto do Brasil - Fortaleza"]
[Site "Fortaleza BRA"]
[Date "2012.04.08"]
[Round "7.27"]
[White "Macedo, Maximo Valerio"]
[Black "Pastana, Rafael Pedroni"]
[Result "1-0"]
[WhiteElo "2070"]
[BlackElo "1677"]
[PlyCount "63"]
[EventDate "2012.04.05"]
[EventType "swiss"]
[EventRounds "7"]
[EventCountry "BRA"]
[Source "lmi"]
[SourceDate "2012.08.05"]

1. e4 c5 2. Nf3 Nc6 3. Nc3 e5 4. Bc4 Be7 5. Nd5 Nf6 6. Nxe7 Qxe7 7. d3 h6 8. c3
O-O 9. Nh4 d5 10. exd5 Nxd5 11. Ng6 fxg6 12. Bxd5+ Be6 13. Qb3 Bxd5 14. Qxd5+
Kh7 15. Be3 Rfd8 16. Qxc5 Qxc5 17. Bxc5 b6 18. Be3 Rxd3 19. Ke2 Rd7 20. Rad1
Rad8 21. Rxd7 Rxd7 22. Rd1 Rxd1 23. Kxd1 Kg8 24. Kc2 Kf7 25. Kd3 Ke6 26. Kc4
Kd6 27. b4 g5 28. a4 g6 29. h4 gxh4 30. Bxh6 Ne7 31. Bg5 Nf5 32. Kb5 1-0

[Event "2. Torneio Aberto do Brasil - Fortaleza"]
[Site "Fortaleza BRA"]
[Date "2012.04.08"]
[Round "7.28"]
[White "Lima Filho, Gilberto Faco"]
[Black "De Albuquerque Junior, Wellington Sampaio"]
[Result "0-1"]
[WhiteElo "2056"]
[BlackElo "2098"]
[PlyCount "98"]
[EventDate "2012.04.05"]
[EventType "swiss"]
[EventRounds "7"]
[EventCountry "BRA"]
[Source "lmi"]
[SourceDate "2012.08.05"]

1. Nf3 c5 2. c4 Nf6 3. g3 Nc6 4. Bg2 d5 5. cxd5 Nxd5 6. Nc3 Nc7 7. O-O e5 8. d3
Be7 9. h4 O-O 10. Bg5 f6 11. Bd2 Be6 12. Rc1 Rc8 13. Ne4 b6 14. Kh2 Qd7 15. Rh1
Nd4 16. Nxd4 cxd4 17. Qf1 Na6 18. Bh3 Rxc1 19. Bxe6+ Qxe6 20. Qxc1 Rc8 21. Qb1
h6 22. f3 f5 23. Nf2 Bb4 24. Bxb4 Nxb4 25. a3 Nd5 26. Rc1 Rc6 27. Rxc6 Qxc6 28.
Qa2 Kh7 29. Qc4 Qxc4 30. dxc4 Ne3 31. b3 Nf1+ 32. Kg2 Nd2 33. Nd3 e4 34. fxe4
fxe4 35. Nc1 Kg6 36. g4 Kf6 37. Kf2 Ke5 38. Kg3 a5 39. h5 Nb1 40. b4 Nxa3 41.
c5 bxc5 42. bxc5 Nb5 43. c6 Nc7 44. Nb3 a4 45. Na5 d3 46. exd3 exd3 47. Kf2 Kd4
48. Ke1 Kc3 49. Kd1 a3 0-1

[Event "2. Torneio Aberto do Brasil - Fortaleza"]
[Site "Fortaleza BRA"]
[Date "2012.04.08"]
[Round "7.29"]
[White "Mateus, Jerluce De Alcantar"]
[Black "Baeta, Marcio Netto"]
[Result "0-1"]
[WhiteElo "1834"]
[BlackElo "2154"]
[PlyCount "82"]
[EventDate "2012.04.05"]
[EventType "swiss"]
[EventRounds "7"]
[EventCountry "BRA"]
[Source "lmi"]
[SourceDate "2012.08.05"]

1. c4 b6 2. d4 e6 3. Nc3 f5 4. e3 Bb7 5. Nf3 Nf6 6. Be2 Be7 7. O-O O-O 8. a3 a5
9. b3 Ne4 10. Bb2 d5 11. Ne5 Nd7 12. Nxd7 Qxd7 13. Qc2 g5 14. Nxe4 fxe4 15.
Rac1 c5 16. dxc5 bxc5 17. Rfd1 a4 18. Qxe4 d4 19. Qg4 Qc6 20. Bf3 Rxf3 21. gxf3
Qxf3 22. Qxf3 Bxf3 23. Rd3 Be2 24. Rd2 d3 25. f3 axb3 26. Rxe2 dxe2 27. Kf2 Kf7
28. Kxe2 Bf6 29. Rb1 Bxb2 30. Rxb2 Rxa3 31. Kd3 Kf6 32. h3 h5 33. Kc3 Kf5 34.
Kd3 e5 35. Rb1 b2+ 36. Kd2 e4 37. fxe4+ Kxe4 38. Rxb2 Rd3+ 39. Kc2 Rxe3 40. Rb8
Kd4 41. Rg8 Rg3 0-1

[Event "2. Torneio Aberto do Brasil - Fortaleza"]
[Site "Fortaleza BRA"]
[Date "2012.04.08"]
[Round "7.30"]
[White "Cunha, Eduardo Arruda Da G"]
[Black "Sousa Filho, Aloisio Lopes De"]
[Result "1-0"]
[WhiteElo "2242"]
[BlackElo "1852"]
[PlyCount "96"]
[EventDate "2012.04.05"]
[EventType "swiss"]
[EventRounds "7"]
[EventCountry "BRA"]
[Source "lmi"]
[SourceDate "2012.08.05"]

1. e4 d5 2. exd5 Qxd5 3. Nf3 Qd8 4. d4 c6 5. Nc3 Bg4 6. Be2 e6 7. h3 Bh5 8. g4
Bg6 9. Ne5 Bd6 10. Nxg6 hxg6 11. Qd3 Qc7 12. Bd2 Nd7 13. O-O-O O-O-O 14. Ne4
Be7 15. Kb1 Ngf6 16. Ng5 Rhf8 17. Qf3 Nb6 18. Bf4 Bd6 19. Bxd6 Qxd6 20. Rd3
Nbd5 21. Ra3 Kb8 22. Qb3 Nb6 23. Nf3 Rh8 24. c4 Qc7 25. c5 Nc8 26. g5 Nh5 27.
h4 Nf4 28. Bc4 Nd5 29. Qa4 Nde7 30. Rb3 Ka8 31. Bd3 Nf5 32. Be4 Rd7 33. Rd1
Rhd8 34. Rb4 Nfe7 35. Ne5 Nd5 36. Rb3 Re7 37. Nc4 Qf4 38. f3 Rc7 39. Na5 Nde7
40. Rdd3 f5 41. gxf6 gxf6 42. Qb4 Rdd7 43. Rd1 f5 44. Bc2 Nd5 45. Qe1 Re7 46.
Nc4 Rcd7 47. Ne5 Qh6 48. Nxd7 Rxd7 1-0

[Event "2. Torneio Aberto do Brasil - Fortaleza"]
[Site "Fortaleza BRA"]
[Date "2012.04.08"]
[Round "7.31"]
[White "De Freitas, Julio Eimard"]
[Black "Fiaes, Mario Henrique Andr"]
[Result "0-1"]
[WhiteElo "1865"]
[BlackElo "2069"]
[PlyCount "128"]
[EventDate "2012.04.05"]
[EventType "swiss"]
[EventRounds "7"]
[EventCountry "BRA"]
[Source "lmi"]
[SourceDate "2012.08.05"]

1. d4 Nf6 2. c4 e6 3. Nf3 b6 4. g3 Ba6 5. Qa4 Bb7 6. Bg2 Be7 7. Nc3 Ne4 8. Nxe4
Bxe4 9. O-O O-O 10. Be3 Nc6 11. Ne5 Bxg2 12. Kxg2 Nb8 13. Rad1 f5 14. d5 Bf6
15. f4 Qe7 16. Bd4 exd5 17. cxd5 d6 18. Nf3 Qxe2+ 19. Rf2 Qa6 20. Qxa6 Nxa6 21.
Bxf6 Rxf6 22. Re2 Nc5 23. Rc1 a5 24. Nd4 Rf7 25. Rce1 Kf8 26. b3 g6 27. a3 Kg8
28. Rc1 Ne4 29. Ne6 Nc5 30. Nd4 h6 31. Kf3 Kg7 32. Rc3 g5 33. h3 Kg6 34. Ne6
Kh5 35. fxg5 Nxe6 36. dxe6 Re7 37. gxh6 c5 38. Rce3 Kxh6 39. Kf4 Kg6 40. g4 Rf8
41. g5 Rh8 42. Kg3 Kxg5 43. Rd3 Rd8 44. Rd5 Kf6 45. Kf4 Rxe6 46. Rxf5+ Ke7 47.
Rg2 Kd7 48. h4 Rh8 49. h5 Re1 50. Rg3 Rf1+ 51. Rf3 Rxf3+ 52. Kxf3 Ke7 53. Ke4
Rh6 54. Rg5 Kf6 55. Rg6+ Rxg6 56. hxg6 Kxg6 57. Kd5 b5 58. a4 bxa4 59. bxa4 Kf6
60. Kc4 Ke7 61. Kb5 Kd7 62. Kxa5 Kc6 63. Ka6 c4 64. Ka7 c3 0-1

[Event "2. Torneio Aberto do Brasil - Fortaleza"]
[Site "Fortaleza BRA"]
[Date "2012.04.08"]
[Round "7.32"]
[White "Magalhaes Jr, Sebastiao Silva"]
[Black "Azevedo Junior, Jose Ferreira"]
[Result "0-1"]
[WhiteElo "1786"]
[BlackElo "2059"]
[PlyCount "50"]
[EventDate "2012.04.05"]
[EventType "swiss"]
[EventRounds "7"]
[EventCountry "BRA"]
[Source "lmi"]
[SourceDate "2012.08.05"]

1. e4 c5 2. Nf3 d6 3. Nc3 e6 4. d4 cxd4 5. Nxd4 a6 6. Be3 Nf6 7. Be2 Be7 8. Qd2
Qc7 9. O-O b5 10. f3 Bb7 11. Rad1 O-O 12. a3 Nbd7 13. Nb3 Rac8 14. Bf4 e5 15.
Be3 Rfd8 16. Rc1 Nb6 17. Rfd1 d5 18. Nxd5 Nfxd5 19. exd5 Bxd5 20. Qc3 Qxc3 21.
bxc3 Na4 22. c4 Bxc4 23. Bxc4 bxc4 24. Na5 Nc3 25. Rxd8+ Bxd8 0-1

[Event "2. Torneio Aberto do Brasil - Fortaleza"]
[Site "Fortaleza BRA"]
[Date "2012.04.08"]
[Round "7.33"]
[White "Araujo, Vitor Angelo Lima"]
[Black "Lima Neto, Pedro"]
[Result "1-0"]
[WhiteElo "1665"]
[BlackElo "2058"]
[PlyCount "55"]
[EventDate "2012.04.05"]
[EventType "swiss"]
[EventRounds "7"]
[EventCountry "BRA"]
[Source "lmi"]
[SourceDate "2012.08.05"]

1. d4 Nf6 2. c4 c5 3. e3 g6 4. Nf3 Bg7 5. g3 O-O 6. Bg2 d5 7. O-O cxd4 8. exd4
dxc4 9. Nc3 Nc6 10. Re1 Bf5 11. a3 Rc8 12. d5 Na5 13. Nd4 Bg4 14. f3 Bd7 15.
Qe2 Nxd5 16. Nxd5 Bxd4+ 17. Be3 Bxe3+ 18. Qxe3 e6 19. Nc3 Qb6 20. Qxb6 axb6 21.
Ne4 Bc6 22. Nd6 Rcd8 23. Rad1 Bd5 24. Nb5 Nb3 25. f4 Bc6 26. Nd6 Na5 27. h4 Kh8
28. Nxf7+ 1-0

[Event "2. Torneio Aberto do Brasil - Fortaleza"]
[Site "Fortaleza BRA"]
[Date "2012.04.08"]
[Round "7.34"]
[White "Costa, Fernando De Souza"]
[Black "Lemos, Dawton Almino"]
[Result "1-0"]
[WhiteElo "2045"]
[BlackElo "1887"]
[PlyCount "67"]
[EventDate "2012.04.05"]
[EventType "swiss"]
[EventRounds "7"]
[EventCountry "BRA"]
[Source "lmi"]
[SourceDate "2012.08.05"]

1. d4 Nf6 2. Nf3 g6 3. c4 Bg7 4. Nc3 O-O 5. e4 d6 6. Be2 e5 7. O-O Nc6 8. d5
Ne7 9. Ne1 Nd7 10. f3 f5 11. g4 f4 12. h4 Kh8 13. Kg2 a5 14. Rh1 Rg8 15. Nd3
Bf6 16. Nb5 Rf8 17. b3 Bg7 18. Ba3 Nf6 19. c5 Ne8 20. Rc1 Ng8 21. Nb2 Bf6 22.
Qe1 h5 23. g5 Bxg5 24. hxg5 Qxg5+ 25. Kf1 Qe7 26. cxd6 cxd6 27. Nc4 Rf6 28. Nb6
Bd7 29. Nxa8 Qd8 30. Nac7 Nh6 31. Qh4 Ng4 32. fxg4 f3 33. Bd3 Bxg4 34. Qxg4 1-0

[Event "2. Torneio Aberto do Brasil - Fortaleza"]
[Site "Fortaleza BRA"]
[Date "2012.04.08"]
[Round "7.35"]
[White "De Paula, Guilherme Bueno"]
[Black "De Souza, Gutemberg Magalhaes"]
[Result "1-0"]
[WhiteElo "2032"]
[BlackElo "1787"]
[PlyCount "69"]
[EventDate "2012.04.05"]
[EventType "swiss"]
[EventRounds "7"]
[EventCountry "BRA"]
[Source "lmi"]
[SourceDate "2012.08.05"]

1. g3 d5 2. f4 Nf6 3. Bg2 Bf5 4. d3 e6 5. Nf3 h6 6. O-O c6 7. h3 h5 8. Nc3 d4
9. Nb1 Bc5 10. a4 Nd5 11. Na3 Ne3 12. Bxe3 dxe3 13. Nc4 Nd7 14. d4 Be7 15. Nxe3
Be4 16. Ne5 Bxg2 17. Kxg2 Nxe5 18. fxe5 Bg5 19. Qd3 Qd7 20. Nc4 Be7 21. c3 O-O
22. b4 b5 23. Nb2 Rad8 24. Qf3 Qd5 25. Qxd5 cxd5 26. axb5 Rd7 27. Nd3 Bg5 28.
Nc5 Rc7 29. Ra3 Rfc8 30. Rfa1 Kh7 31. Kf2 Kg6 32. e3 Kf5 33. Rxa7 f6 34. exf6
Bxf6 35. b6 1-0

[Event "2. Torneio Aberto do Brasil - Fortaleza"]
[Site "Fortaleza BRA"]
[Date "2012.04.08"]
[Round "7.36"]
[White "Sampaio Filho, Joao Rodrigues"]
[Black "Santos, Antonio Inacio Dos"]
[Result "0-1"]
[WhiteElo "1785"]
[BlackElo "2017"]
[PlyCount "58"]
[EventDate "2012.04.05"]
[EventType "swiss"]
[EventRounds "7"]
[EventCountry "BRA"]
[Source "lmi"]
[SourceDate "2012.08.05"]

1. e4 c5 2. Nf3 d6 3. d4 cxd4 4. Nxd4 Nf6 5. Nc3 a6 6. Bg5 Nbd7 7. f4 Qc7 8.
Qf3 h6 9. Bh4 Rb8 10. O-O-O b5 11. g4 b4 12. Na4 Bb7 13. Bxf6 Nxf6 14. Bd3 Qd7
15. g5 Qxa4 16. gxf6 Qxa2 17. fxe7 Bxe7 18. Nf5 Qa1+ 19. Kd2 Qxb2 20. Rb1 Qc3+
21. Ke2 g6 22. Nxe7 Kxe7 23. Rb3 Qc5 24. Rhb1 Bc6 25. Qf2 a5 26. c3 Rb7 27. e5
Qxf2+ 28. Kxf2 Rhb8 29. exd6+ Kxd6 0-1

[Event "2. Torneio Aberto do Brasil - Fortaleza"]
[Site "Fortaleza BRA"]
[Date "2012.04.08"]
[Round "7.37"]
[White "Zimmermann, Kleber Renato Pere"]
[Black "Pluschkat, Gustavo Ranulpho"]
[Result "1-0"]
[WhiteElo "1953"]
[BlackElo "2003"]
[PlyCount "82"]
[EventDate "2012.04.05"]
[EventType "swiss"]
[EventRounds "7"]
[EventCountry "BRA"]
[Source "lmi"]
[SourceDate "2012.08.05"]

1. d4 Nf6 2. c4 e6 3. Nf3 b6 4. g3 Bb7 5. Bg2 Be7 6. O-O O-O 7. d5 exd5 8. Nh4
g6 9. cxd5 d6 10. Nc3 Nbd7 11. e4 Ba6 12. Re1 Nh5 13. Nf5 Bf6 14. f4 Ng7 15.
Nh6+ Kh8 16. Ng4 Be7 17. e5 dxe5 18. fxe5 Bc5+ 19. Kh1 h5 20. Nh6 h4 21. Qg4
hxg3 22. hxg3 Bf2 23. Bg5 f6 24. exf6 Nxf6 25. Qh4 Ngh5 26. Re6 Nxg3+ 27. Qxg3
Bxg3 28. Rxf6 Rxf6 29. Ne4 Be5 30. Bxf6+ Bxf6 31. Nf7+ Kg7 32. Nxd8 Rxd8 33.
Nxf6 Kxf6 34. Rc1 Rh8+ 35. Kg1 Rh7 36. Rc6+ Kf5 37. Kf2 g5 38. Kg3 Re7 39. Rc3
Bb7 40. Ra3 a5 41. Rf3+ Ke5 1-0

[Event "2. Torneio Aberto do Brasil - Fortaleza"]
[Site "Fortaleza BRA"]
[Date "2012.04.08"]
[Round "7.38"]
[White "Arpon, Rodrigo Tobias Lana"]
[Black "Araujo Frota, Rewbenio"]
[Result "1/2-1/2"]
[WhiteElo "1825"]
[BlackElo "1975"]
[PlyCount "130"]
[EventDate "2012.04.05"]
[EventType "swiss"]
[EventRounds "7"]
[EventCountry "BRA"]
[Source "lmi"]
[SourceDate "2012.08.05"]

1. e4 d6 2. d4 Nf6 3. Nd2 Nc6 4. c3 g6 5. Bb5 Bd7 6. f4 e5 7. fxe5 dxe5 8. d5
Nb8 9. Bxd7+ Nbxd7 10. Ngf3 Bg7 11. O-O O-O 12. Qe2 Ne8 13. Nc4 Nd6 14. Nxd6
cxd6 15. Be3 Rc8 16. Kh1 Nc5 17. Bxc5 Rxc5 18. Qd2 f5 19. Rae1 f4 20. Qe2 Bf6
21. g3 Be7 22. gxf4 Rxf4 23. Nd2 Bg5 24. Rxf4 Bxf4 25. Nb3 Rc7 26. Qg4 Rf7 27.
Rf1 Kg7 28. Nd4 exd4 29. Rxf4 Rxf4 30. Qxf4 dxc3 31. bxc3 Qf6 32. Qc1 Qf3+ 33.
Kg1 Qxe4 34. Qg5 Qb1+ 35. Kg2 Qe4+ 36. Kg1 h6 37. Qd8 Qxd5 38. Qe7+ Qf7 39.
Qxd6 b6 40. a4 Qb7 41. c4 Qf7 42. Qe5+ Kh7 43. a5 Qxc4 44. Qe7+ Kg8 45. Qe8+
Kg7 46. Qd7+ Kf6 47. Qd8+ Kf5 48. Qd7+ Kg5 49. Qd8+ Kh5 50. axb6 Qc5+ 51. Kg2
Qxb6 52. Qd5+ g5 53. Qf7+ Qg6 54. Qxa7 Qe4+ 55. Kg1 Qg4+ 56. Kf1 Qf3+ 57. Kg1
Kh4 58. Qa2 Kh3 59. Qd2 Qg4+ 60. Kh1 Qe4+ 61. Kg1 Qb1+ 62. Kf2 Qb6+ 63. Kf1
Qb1+ 64. Kf2 Qf5+ 65. Kg1 Qb1+ 1/2-1/2

[Event "2. Torneio Aberto do Brasil - Fortaleza"]
[Site "Fortaleza BRA"]
[Date "2012.04.08"]
[Round "7.39"]
[White "Batista, Francisco Klemberg "]
[Black "Borensztajn, David"]
[Result "0-1"]
[WhiteElo "1771"]
[BlackElo "1951"]
[PlyCount "46"]
[EventDate "2012.04.05"]
[EventType "swiss"]
[EventRounds "7"]
[EventCountry "BRA"]
[Source "lmi"]
[SourceDate "2012.08.05"]

1. e4 b6 2. d4 Bb7 3. Bd3 e6 4. Ne2 d6 5. c4 Nd7 6. Nbc3 g6 7. O-O Bg7 8. f4 f5
9. exf5 exf5 10. d5 Ngf6 11. Nd4 O-O 12. Ne6 Qc8 13. Nxf8 Kxf8 14. Qe2 Qe8 15.
Re1 Qxe2 16. Rxe2 Nc5 17. Bc2 Ba6 18. Bb3 Ng4 19. Nd1 Bd4+ 20. Kh1 Ne4 21. Be3
Bg7 22. h3 Ng3+ 23. Kg1 Nxe2+ 0-1

[Event "2. Torneio Aberto do Brasil - Fortaleza"]
[Site "Fortaleza BRA"]
[Date "2012.04.08"]
[Round "7.42"]
[White "Quaranta Neto, Francisco"]
[Black "Costa Avelino, Thiago Cesar"]
[Result "1-0"]
[WhiteElo "1967"]
[BlackElo "1740"]
[PlyCount "86"]
[EventDate "2012.04.05"]
[EventType "swiss"]
[EventRounds "7"]
[EventCountry "BRA"]
[Source "lmi"]
[SourceDate "2012.08.05"]

1. d4 d5 2. c4 c6 3. cxd5 cxd5 4. Nc3 e6 5. Bf4 Bd6 6. Bxd6 Qxd6 7. e3 Nf6 8.
Bd3 O-O 9. Nf3 Nc6 10. a3 a6 11. O-O Bd7 12. b4 Rac8 13. Na4 Ne4 14. Nc5 Nxc5
15. bxc5 Qe7 16. Rb1 Nd8 17. Ne5 f6 18. Nxd7 Qxd7 19. f4 Qe7 20. Rf3 e5 21. Bf5
Rc7 22. Rg3 g6 23. dxe5 Rxc5 24. Bxg6 hxg6 25. Rxg6+ Kf7 26. Qh5 Ke8 27. Rxf6+
Nf7 28. Rfb6 Kd8 29. Rxb7 Rc1+ 30. Rxc1 Qxb7 31. Qf5 Ke7 32. Qf6+ Kd7 33. e6+
Ke8 34. exf7+ Rxf7 35. Qe6+ Kf8 36. Rc8+ Kg7 37. Qg4+ Kf6 38. Qg5+ Ke6 39. Qe5+
Kd7 40. Rb8 Qa7 41. Qe8+ Kd6 42. Rd8+ Rd7 43. Rxd7+ Qxd7 1-0

[Event "2. Torneio Aberto do Brasil - Fortaleza"]
[Site "Fortaleza BRA"]
[Date "2012.04.08"]
[Round "7.43"]
[White "Vescovi, Katherine Lemos"]
[Black "Nunes, Moezio Correia"]
[Result "1/2-1/2"]
[WhiteElo "1706"]
[BlackElo "1959"]
[PlyCount "123"]
[EventDate "2012.04.05"]
[EventType "swiss"]
[EventRounds "7"]
[EventCountry "BRA"]
[Source "lmi"]
[SourceDate "2012.08.05"]

1. e4 d6 2. d4 Nf6 3. Bd3 g6 4. Nf3 Bg7 5. O-O O-O 6. h3 Nbd7 7. e5 Nd5 8. Re1
Nb4 9. a3 Nxd3 10. Qxd3 Nb6 11. Bf4 Bf5 12. Qe2 d5 13. c3 Na4 14. Qb5 Qd7 15.
Qxd7 Bxd7 16. b3 Nb6 17. e6 Bxe6 18. Bxc7 Nc8 19. Nbd2 b5 20. a4 Bd7 21. axb5
Bxb5 22. c4 dxc4 23. bxc4 Bc6 24. Ne5 Bh6 25. Nb3 Be8 26. Nc5 Nd6 27. Ra2 Bg7
28. Ned7 Bxd7 29. Rxe7 Nxc4 30. Nxd7 Rfe8 31. Rxa7 Bxd4 32. Rxa8 Rxa8 33. Re4
Ra7 34. Rxd4 Rxc7 35. Nf6+ Kf8 36. Nxh7+ Kg7 37. Ng5 Nb6 38. Rd6 Nc8 39. Ra6
Ne7 40. Kh2 Rb7 41. g4 Nd5 42. Rd6 Nf6 43. f3 Ne8 44. Ra6 Nf6 45. Kg3 Nh7 46.
Nxh7 Kxh7 47. Kf4 Rb5 48. Ra7 Kg7 49. h4 Rc5 50. Rb7 Ra5 51. Rc7 Rb5 52. Rc6
Ra5 53. Rc7 Rb5 54. g5 Rb4+ 55. Kg3 Rb5 56. Kg4 Ra5 57. f4 Ra3 58. Rb7 Ra5 59.
Rb3 Ra4 60. Rh3 Rb4 61. h5 gxh5+ 62. Rxh5 1/2-1/2

[Event "2. Torneio Aberto do Brasil - Fortaleza"]
[Site "Fortaleza BRA"]
[Date "2012.04.08"]
[Round "7.44"]
[White "Ribeiro Junior, Valdir Uchoa"]
[Black "Monte, Edmar Ferreira"]
[Result "1/2-1/2"]
[WhiteElo "1931"]
[BlackElo "1704"]
[PlyCount "46"]
[EventDate "2012.04.05"]
[EventType "swiss"]
[EventRounds "7"]
[EventCountry "BRA"]
[Source "lmi"]
[SourceDate "2012.08.05"]

1. c4 c5 2. Nf3 Nf6 3. g3 Nc6 4. Bg2 g6 5. O-O Bg7 6. Nc3 O-O 7. d4 cxd4 8.
Nxd4 Ne5 9. b3 a6 10. Bf4 Nc6 11. Nxc6 dxc6 12. Qxd8 Rxd8 13. Rac1 Nh5 14. Be3
Nf6 15. h3 Be6 16. Na4 Nd7 17. Rfd1 b5 18. Nc5 Nxc5 19. Bxc5 bxc4 20. Rxd8+
Rxd8 21. bxc4 Bf6 22. Rc2 Rd1+ 23. Kh2 Bd7 1/2-1/2

[Event "2. Torneio Aberto do Brasil - Fortaleza"]
[Site "Fortaleza BRA"]
[Date "2012.04.08"]
[Round "7.45"]
[White "Sales, Luis Carlos"]
[Black "Simoes, Anderson Mauro"]
[Result "1-0"]
[WhiteElo "1892"]
[BlackElo "1794"]
[PlyCount "79"]
[EventDate "2012.04.05"]
[EventType "swiss"]
[EventRounds "7"]
[EventCountry "BRA"]
[Source "lmi"]
[SourceDate "2012.08.05"]

1. d4 Nf6 2. Nf3 d5 3. Bf4 c5 4. dxc5 Qa5+ 5. c3 Qxc5 6. e3 e6 7. b4 Qb6 8. a4
a5 9. b5 Be7 10. Ne5 O-O 11. Bd3 Nbd7 12. O-O Nc5 13. Bc2 Nce4 14. Re1 Qd8 15.
f3 Nd6 16. Qd3 Nf5 17. g4 Nd7 18. gxf5 Nxe5 19. Bxe5 exf5 20. Kh1 Be6 21. Nd2
Rc8 22. Nb3 Bf6 23. Bd4 b6 24. Rg1 g6 25. Bxf6 Qxf6 26. Nd4 Rc4 27. Bb3 Rc7 28.
Nc6 f4 29. Qd4 Qxd4 30. exd4 Kg7 31. Rae1 h5 32. Re5 Rfc8 33. Bxd5 Bxd5 34.
Rxd5 Rxc6 35. bxc6 Rxc6 36. Rc1 Rc4 37. Rb5 Rxa4 38. Rxb6 Ra2 39. Kg1 f5 40. h4
1-0